| 000 | 00401nam a22001457a 4500 | ||
|---|---|---|---|
| 003 | OSt | ||
| 005 | 20251014091427.0 | ||
| 008 | 251014b |||||||| |||| 00| 0 eng d | ||
| 020 | _a9966991778 | ||
| 040 | _cMATBAA YA KIMATAIFA YA MORSEL | ||
| 050 | _aPL 8704 .S45 2010 | ||
| 245 |
_aZIMWI LA UKIMWI _cSEKUNDU MORGAN |
||
| 260 |
_aNAIROBI, KENYA _bMATBAA YA KIMATAIFA YA MORSEL _c2010 |
||
| 942 |
_2ddc _cBK _n0 |
||
| 999 |
_c9590 _d9590 |
||